00353pam a2200121 a 4500020002100000041000800021082001500029100002500044245005400069250001500123260006800138300002500206 a97807070619883c aeng a515.7bRUD aRudin W ,eAuthor . aFunctional Analysis 2 nd ed hTextual Documents a 2 nd ed . aNew DelhibMc Graw Hill Education (India) Private Limitedc2006 axv/424:bPB;c23*15.